000 00463nam a2200169 4500
001 44854
090 _a44854
100 _a20250926 pory50
101 _apor
102 _aPT
200 _aAs três irmãs e a ilha do tesouro
_aAs três irmãs e o feiticeiro de Oz
_aAs três irmãs e Sandokan
210 _aLisboa
_cCromosoma
_cdist. Filmes Unimundos
_d2007
215 _a1 DVD
300 _aM/4 78 m.
675 _a087.5
801 _aPT
_gRPC
990 _cFILMES DVD